G. A. Wallin and the Royal Geographical Society

Elmentve itt :
Bibliográfiai részletek
Szerző: Mead William Richard
További közreműködők: Wallin Georg August
Dokumentumtípus: Cikk
Megjelent: Societas orientalis Fennica Helsinki 1958
Sorozat:Studia Orientalia
Tárgyszavak:
Online Access:http://misc.bibl.u-szeged.hu/61045
LEADER 00777nab a2200229 i 4500
001 misc61045
005 20221102161021.0
008 220718s1958 hu o 0|| eng d
040 |a SZTE Miscellanea Repozitórium  |b hun 
041 |a eng 
100 1 |a Mead William Richard 
245 1 0 |a G. A. Wallin and the Royal Geographical Society  |h [elektronikus dokumentum] /  |c  Mead William Richard 
260 |a Societas orientalis Fennica  |b Helsinki  |c 1958 
300 |a 3-10  |c 25 cm 
300 |a [8] p.  |c 25 cm 
490 0 |a Studia Orientalia 
561 |a Németh Gyula hagyaték 
591 |a NOV 3526 
650 4 |a Bölcsészettudományok 
650 4 |a Nyelvek és irodalom 
700 0 1 |a Wallin Georg August 
856 4 0 |u http://misc.bibl.u-szeged.hu/61045/1/3526_nov_m50.pdf  |z Dokumentum-elérés